| 000 | 00516nam a2200169 a 4500 | ||
|---|---|---|---|
| 001 | 000048320 | ||
| 005 | 20201002061053.0 | ||
| 008 | 190124s2016 dr a r 000 0 spa d | ||
| 020 | _a9789945167672 | ||
| 040 |
_aDO-SdBNP _bspa _cBNPHU |
||
| 082 |
_axxxx _bP426A |
||
| 100 | 1 |
_aPeralta Michel, José _937113 |
|
| 245 | 1 | 0 |
_aAlfredo Peralta Michel : _bmártir de las manaclas / _cJosé Peralta Michel. |
| 260 |
_aSanto Domingo : _bBúho, _c2016. |
||
| 300 |
_a87 p. : _bil. ; _c26 cm. |
||
| 590 | _aInventariado, 2019 / DG | ||
| 999 |
_c47808 _d47808 |
||